| 000 | 00000nas 2200000za 4500 |
| 001 | 9.840883 |
| 003 | CaOODSP |
| 005 | 20250224163904 |
| 007 | cr ||||||||||| |
| 008 | 170802d20142015oncar p o f0###a0fre|d |
| 040 | |aCaOODSP|bfre |
| 043 | |an-cn--- |
| 086 | 1 |aNM10-1F-PDF |
| 110 | 2 |aMusée canadien de la nature. |
| 245 | 10|aRétrospective de ... |h[ressource électronique] / |cMusée canadien de la nature. |
| 260 | |a[Ottawa] : |bMusée canadien de la nature |
| 310 | |aAnnuel |
| 362 | 1 |aParaît depuis 2013/2014; ne paraît plus après 2014/2015. |
| 500 | |aLégère variante de titre. |
| 500 | |aPubl. aussi en anglais sous le titre : Year in review. |
| 692 | 07|2gccst|aMuseé |
| 692 | 07|2gccst|aHistoire naturelle |
| 775 | 08|tYear in review ... |w(CaOODSP)9.840878 |